000 01658nam a22002897a 4500
001 8731
003 FISKH
005 20251014161907.0
008 251014b cb ||||| |||| 00| 0 eng d
020 _a9789996388002
040 _aFISKH
_bkhr
_cFISKH
_dFISKH
050 _aPZ7
100 _aPisey, Pol
245 _aជីង ជីង អាប់ឌែត ! :
_bJing Jing update ! /
_cអ្នកស្រី ប៉ុល ពិសី
260 _aPhnom Penh :
_bGlory Printing House ,
_c2014.
300 _a28 pages :
_bcolor illustrations ;
_c26 cm .
505 _aP
520 _aរឿងមួយនេះលើកទឺកចិត្តប្អូនៗកុមារអោយក្លាហាន ហ៊ានបញ្ចេញសមត្ថភាពនៃចំណេះវិជ្ជាដែលខ្លួនមាន ។​ ហើយរឿងនេះក៏េជួយបង្រៀនប្អូនៗកុមារអោយចេះស្រលាញ់យុត្តិធម៏ និងធ្វើជាមនុស្សដែលមានទំនួលខុសត្រូវក្នុងជិវីតរស់នៅប្រចាំថ្ងៃ ។
520 _aThis story encourages children to be brave in using the abilities and knowledge they have . And it also make the children love justice and become responsible people in daily life .
521 8 _a660
_bLexile estimate
521 8 _aP
_bRaz-Plus
650 _aជីង ជីង អាប់ឌែត !
650 _aJing Jing update !
700 _aMarady, Pang
_eIllustrator
942 _2ddc
_cKHB
_n0
999 _c8731
_d8731